| 000 | 00761nam a2200253 i 4500 | ||
|---|---|---|---|
| 001 | 18088 | ||
| 003 | ES-MaACL | ||
| 005 | 20250824222021.0 | ||
| 007 | t| | ||
| 008 | 010813s2000 sp ||||0| spa j | ||
| 020 | _a84-7844-529-3 | ||
| 040 |
_aM-BN _bspa _cM-BN |
||
| 080 | _a929 Brook, Peter | ||
| 100 | 1 |
_aBrook, Peter. _931906 |
|
| 245 | 1 | 0 |
_aHilos de tiempo / _cPeter Brook ; traducción de Susana Cantero. |
| 260 |
_aMadrid : _bSiruela, _c[2000] |
||
| 300 |
_a291 p ; _c23 cm. |
||
| 490 | 1 |
_aLibros del tiempo. Biografía ; _v133 |
|
| 600 | 1 | 4 |
_aBrook, Peter- _xBiografías. _931907 |
| 830 | 0 | 0 |
_aLibros del tiempo (Siruela) _v133 _9233603 |
| 852 |
_aES-MaACL _jL-24833 _bR.129995 |
||
| 999 |
_c18088 _d18088 |
||